000 00308nam a22001337a 4500
082 _a823
_bPAI/R
100 _aPAI, ANANT
245 _aRABINDRANATH TAGORE
260 _aMUMBAI
_bAMAR CHITHRA KATHA
300 _a31
520 _aENGLISH SHORT STORIES
650 _aENGLISH SHORT STORIES
_zMUMBAI
942 _cBK
999 _c5266
_d5266